000 01051nam0a22002771 4500
001 RU\NLR\INFOCOMM_17\5000676121
005 20260406082028.0
035 _a(NLR Aleph) 009370211
090 _a7917382
_c7917382
100 _a20101217d1979 |||y0rusy50 ca
101 1 _aspa
_crus
102 _aRU
105 _aa ||||000|y
200 1 _aNuestro Gagarin
_e[Acerca del primer cosmonauta y de la tierra en que nació]
_fAut. y recop. Yaroslav Golovánov
_g[Trad. del russo por Castul Perez y Cesar Astor]
210 _aM.
_cProgreso
_d1979
215 _a316, [14] с.
_cил., цв. ил., факс., портр.
_d35 см
300 _aНа обороте тит. л.: Наш Гагарин
686 _aО6д(2)86Гагарин
_2rubbk
700 1 _4070
_7ba
_8rus
_aGolovanov
_bJ. K.
_f1932-2003
_gJaroslav Kirillovič
_3RU\NLR\AUTH\770276750
_92648717
702 1 _aGagarin
_bJ. A.
_f1934-1968
_gJurij Alekseevič
_4570
801 1 _aRU
_bNLR
_c20101217
801 0 _aRU
_bNLR
_gPSBO
852 _aNLR
_jТ93 Д-9/5
942 _cBOOK
980 _aNB